| 000 | 01705nam0a22003131 4500 | ||
|---|---|---|---|
| 001 | rc\4404862 | ||
| 005 | 20130416151717.5 | ||
| 021 |
_aRU _b[63-58595] |
||
| 035 | _a(NLR Aleph) 008560726 | ||
| 090 |
_a8464034 _c8464034 |
||
| 100 | _a20130416d1963 |||y0rusy50 ca | ||
| 101 | 0 | _arus | |
| 102 | _aRU | ||
| 105 | _aa z ||||| | ||
| 200 | 1 |
_aДоказательство теорем Гюльдена элементарным путем и их применение к решению задач _e(Метод. пособие для учителей математики Харьк. обл. и студентов физ.-мат. фак. педин-та для работы мат. кружков) _fХарьк. гос. пед. ин-т им. Г.С. Сковороды. Харьк. обл. (сел. и пром.) отд. нар. образования. Харьк. обл. станция юных техников |
|
| 210 |
_aХарьков _cБ. и. _d1963 |
||
| 215 |
_a30 с. _cчерт. _d20 |
||
| 300 | _aНа обороте тит. л. авт.: И.А. Наумов, М.З. Рабинович | ||
| 320 | _aБиблиогр.: с. 30 (10 назв.) | ||
| 606 |
_aТеоремы _xДоказательство _2psbo |
||
| 606 |
_aГеометрия _xВнеклассная и внешкольная работа _2psbo |
||
| 701 | 1 |
_aРабинович _bМ. З. |
|
| 701 | 1 |
_aНаумов _bИ. А. |
|
| 712 | 0 | 2 |
_aХарьковский педагогический институт физического воспитания им. Г. С. Сковороды _3RU\NLR\AUTH\8816476 |
| 801 | 0 |
_aRU _bNLR _gpsbo |
|
| 801 | 1 |
_aRU _bELAR _2rusmarc |
|
| 852 |
_aNLR _j63-4/13586 |
||
| 942 | _cBOOK | ||
| 980 | _aNB | ||